|
|
|
|
| LEADER |
01741nam a2200421 i 4500 |
| 001 |
EBC4697111 |
| 003 |
MiAaPQ |
| 005 |
20200520144314.0 |
| 006 |
m o d | |
| 007 |
cr cnu|||||||| |
| 008 |
161006t20152015it a o 001 0 eng d |
| 020 |
|
|
|z 9781119241805
|
| 020 |
|
|
|a 9788892100336
|q (electronic bk.)
|
| 035 |
|
|
|a (MiAaPQ)EBC4697111
|
| 035 |
|
|
|a (Au-PeEL)EBL4697111
|
| 035 |
|
|
|a (CaPaEBR)ebr11270916
|
| 035 |
|
|
|a (OCoLC)959849175
|
| 040 |
|
|
|a MiAaPQ
|b eng
|e rda
|e pn
|c MiAaPQ
|d MiAaPQ
|
| 050 |
|
4 |
|a K1327
|b .M375 2015
|
| 082 |
0 |
|
|a 346.0664
|2 23
|
| 100 |
1 |
|
|a Marinoni, Marco A.,
|e author.
|
| 245 |
1 |
0 |
|a Revisione legale dei Conti e risk approach /
|c Marco A. Marinoni.
|
| 264 |
|
1 |
|a Turin, Italy :
|b G. Giappichelli Editore,
|c 2015.
|
| 264 |
|
4 |
|c 2015
|
| 300 |
|
|
|a 1 online resource (201 pages) :
|b illustrations
|
| 336 |
|
|
|a text
|2 rdacontent
|
| 337 |
|
|
|a computer
|2 rdamedia
|
| 338 |
|
|
|a online resource
|2 rdacarrier
|
| 500 |
|
|
|a Includes index.
|
| 588 |
|
|
|a Description based on online resource; title from PDF title page (ebrary, viewed October 6, 2016).
|
| 590 |
|
|
|a Electronic reproduction. Ann Arbor, MI : ProQuest, 2016. Available via World Wide Web. Access may be limited to ProQuest affiliated libraries.
|
| 650 |
|
0 |
|a Corporate governance
|x Law and legislation.
|
| 650 |
|
0 |
|a Boards of directors.
|
| 650 |
|
0 |
|a Corporations
|x Auditing
|x Law and legislation.
|
| 655 |
|
4 |
|a Electronic books.
|
| 776 |
0 |
8 |
|i Print version:
|a Marinoni, Marco A.
|t Revisione legale dei Conti e risk approach.
|d Turin, Italy : G. Giappichelli Editore, c2015
|h xxxv, 445 pages
|z 9781119241805
|
| 797 |
2 |
|
|a ProQuest (Firm)
|
| 856 |
4 |
0 |
|u https://ebookcentral.proquest.com/lib/matrademy/detail.action?docID=4697111
|z Click to View
|